Normal view MARC view
  • Punia, Md. Rajpal S

Entry Personal Name

Number of records used in: 1

001 - CONTROL NUMBER

  • control field: 5647

003 - CONTROL NUMBER IDENTIFIER

  • control field: OSt

005 - DATE AND TIME OF LATEST TRANSACTION

  • control field: 20200520152954.0

008 - FIXED-LENGTH DATA ELEMENTS

  • fixed length control field: 200520|| aca||aabn | a|a d

040 ## - CATALOGING SOURCE

  • Original cataloging agency: OSt
  • Transcribing agency: OSt

100 ## - HEADING--PERSONAL NAME

  • Personal name: Punia, Md. Rajpal S

670 ## - SOURCE DATA FOUND

  • Source citation: Work cat.: (OSt): Punia, Md. Rajpal S, Viva in Pathology ( Theory and Practical Experiments)